GENETICS IN PREDICTION OF THE OSTEOPOROSIS RISK

Bibliographic Details
Main Authors: Gabriková, Dana (Author), Petrejčíková, Eva, 1980- (Author), Boroňová, Iveta (Author), Poráčová, Janka, 1960- (Author), Bernasovská, Jarmila, 1961- (Author), Blaščáková, Marta (Author), Mačeková, Soňa (Author)
Format: Article
Language:English

MARC

LEADER 00000nab a2200000uu 4500
001 vtls011498706
003 SK-MaSNL
005 20260303194406.0
008 230222|2013 xo |||||||||||||||||eng|
015 |a SNBRB 
035 |a (urnnbn)urn:nbn:sk:snk:ar-a0a6tw 
035 |a (uuid)2e28f918-55e0-4b79-9798-0df5a86b413c 
035 |a urn:nbn:sk:snk-abdtop 
040 |a SNKBUCL  |b slo  |c SNKBUCL  |e AACR2 
041 0 |a eng 
044 |a xo  |c SK 
100 1 |a Gabriková, Dana  |4 aut  |9 558543 
245 1 0 |a GENETICS IN PREDICTION OF THE OSTEOPOROSIS RISK  |c Dana Gabriková, Eva Petrejčíková, Iveta Boroňová, Janka Poráčová, Jarmila Bernasovská, Marta Blaščáková, Soňa Mačeková 
700 1 |a Petrejčíková, Eva,  |d 1980-  |4 aut  |9 203840 
700 1 |a Boroňová, Iveta  |4 aut  |9 326764 
700 1 |a Poráčová, Janka,  |d 1960-  |4 aut  |9 212653 
700 1 |a Bernasovská, Jarmila,  |d 1961-  |4 aut  |9 232432 
700 1 |a Blaščáková, Marta  |4 aut  |9 704086 
700 1 |a Mačeková, Soňa  |4 aut  |9 431781 
773 0 |t Slovenská antropológia : bulletin Slovenskej antropologickej spoločnosti pri SAV  |g Roč. 16, č. 2 (2013), s. 27-31 
958 |a OND 
958 |a EUIPO 
958 |a article20 
999 |c 2157271  |d 2159201